000 00266 a2200109 4500
001 51197
040 _cAnchieta - Pituba
240 1 0 _aDas Wunder von Bern
_l
245 1 0 _aDas Wunder von Bern
650 4 _aLínguas germânicas (teutônicas) língua alemã
942 _cMX
999 _c51197
_d51197